Inferencia estadística: aplicaciones con SPSS-PC plus

Сохранить в:
Библиографические подробности
Главный автор: Manzano Arrondo, Vicente (autor)
Формат:
Язык:испанский
Опубликовано: Madrid RA MA 1995
Предметы:
Метки: Добавить метку
Нет меток, Требуется 1-ая метка записи!

MARC

LEADER 00000nam a2200000 a 4500
001 UCP1756
003 CL-VaPUC
008 990426e19950000SP |||||||||||||||||spa|d
082 0 4 |a 005.369  |b MAN  |2 21 
100 |a Manzano Arrondo, Vicente  |e autor  |9 540884 
245 1 0 |a Inferencia estadística: aplicaciones con SPSS-PC plus 
300 |a 846 p 
942 |c BK 
945 |d 19990426 00:00:00  |a rbrito 
260 |a Madrid  |b RA MA  |c 1995 
500 |a Incluye diskette 
650 0 |a Estadística matemática  |9 260028 
650 0 |a Probabilidades   |9 260199 
650 0 |a Inferencia estadística  |9 312855 
650 0 |a Regresión lineal   |9 362689 
650 0 |a Software  |9 387312 
583 |a last modification  |c 19990426 00:00:00  |k Rodrigo Vera 
999 |c 280398  |d 280396 
952 |0 0  |1 0  |4 0  |6 005_369000000000000_MAN_1995  |7 0  |8 A  |9 320679  |a BIBEDU  |b BIBEDU  |d 2019-11-20  |i 3494322  |o 005.369 MAN 1995  |p 3494322  |r 2019-11-20  |w 2019-11-20  |y BK  |k BME